Statistiques concernant La ville la plus proche de Paris

Cliquez ici pour prendre le quiz!

Statistiques générales

  • Ce quiz a été pris 60 fois
  • Le résultat moyen est 8 sur 15

Statistiques - réponses

QuestionRéponse% Correct
.Nantes
86%
.Londres
81%
.Orléans
75%
.Calais
70%
.Fort-de-France
70%
.Munich
68%
.Dijon
63%
.Cologne
51%
.Berlin
47%
.Monaco
42%
.Alger
35%
.Budapest
28%
.Sarrebruck
28%
.Grenoble
26%
.Milan
23%

Distribution des résultats

Percentile par nombre de réponses

% des personnes avec chaque résultat

Votre développement - résultats

Vous n’avez pas pris ce quiz